000
00331nam a2200145Ia 4500
100
_a
Rangnekar Sharu
650
_a
General
942
_c
BK
654
_a
Indian Managers
245
_a
In The WonderLand Of Indian Managers
260
_b
Associated Personal Services
_c
2001
082
_a
658
300
_a
134
546
_a
ENGLISH
999
_c
33792
_d
33792